000 00376nam a2200145Ia 4500
008 240729s9999 xx 000 0 und d
022 _a1891-1803
245 0 _aCampbell Systematic Reviews
260 _aUnited Kingdom
260 _bWiley
650 _aSocial Sciences
856 _uhttps://doaj.org/toc/eec1fae1e2b2410a929a0bb9f2f74fc7
942 _2ddc
942 _cDOAJEJ
999 _c72660
_d72660
945 _a1
_bMadushi Gamage
_c1
_dMadushi Gamage